000 01033nam a2200277 i 4500
001 34793
003 KOSZ 005
005 20200624113907.0
008 061110s1972 pl a f f 000 0 pol
015 _aPB 1973/272
040 _aWA N
_cKOSZ 005/KK
_dKOSZ 005/KK
080 _a631.17(075.8)
100 1 _aNowacki, Tadeusz
_d(1918-2005)
_eAutor
245 1 0 _aMechanizacja rolnictwa :
_bpodręcznik dla studentów akademii rolniczych.
_nT. 1 /
_cTadeusz Nowacki.
250 _aWyd. 4 przer. i uzup.
260 _aWarszawa :
_bPańst. Wydaw. Rol. i Leśne,
_c1972.
300 _a538, [2] s. :
_bil. ;
_c25 cm.
380 _aKsiążki.
504 _aBibliogr.przy rozdz.
650 4 _aMaszyny
_xbudowa i konstrukcje.
655 4 _aPodręczniki akademickie
650 4 _aMaszyny i narzędzia rolnicze
710 _aPaństwowe Wydawnictwo Rolnicze i Leśne
_4pbl.
856 _uhttp://koha.tu.koszalin.pl/cgi-bin/koha/opac-detail.pl?biblionumber=34793
_yKatalog online BPK
942 _2UKD
_cKS
999 _c34793
_d34793